00931nab a22002057a 4500003000400000005001700004008004100021040000700062100002500069245014700094300001500241505018900256505007200445650002300517650002900540650001300569650001400582650003100596773009800627OSt20260106181055.0190514b xxu||||| |||| 00| 0 spa d cPJ aColavita, Gabriel A.10aAlimentos posteriores al divorcio :bcuestiones en torno al plazo e incompatibilidad con la compensación económica /cGabriel A. Colavita. ap. 139-146 aSumario: I. Introducción.— II. Alimentos entre cónyuges posteriores al divorcio: supuestos, plazos e incompatibilidades con la compensación económica.— III. Para finalizar. tSi te interesa el texto, comunicate a koha@justierradelfuego.gov.ar 0aDERECHO DE FAMILIA 0aCODIGO CIVIL Y COMERCIAL 0aDIVORCIO 0aALIMENTOS 0aCOMPENSACIÓN ECONÓMICA0 02844dBuenos Aires : AbeledoPerrot, 1989-tDerecho de familia. N° 115 - Julio 2024z18511201